01175 2200229 4500001002100000005001500021035002000036008004100056245004800097100002300145250000600168260003800174300001200212084001400224082000800238650001000246520064100256990001200897990001200909990001200921990001200933INLIS00000000000086620240607074707 a0010-0524000101240607 1 ind 1 aCahaya Di Penjuru Hati /cAlberthiene Endah aEndah, Alberthiene a1 aYogyakarta :bSheila/ Andi,c2017 a438 hlm a813 ALB c a813 4aFiksi aRuang ICU yang mencekam dengan istri tercinta. Lili, yang terbujur koma membuat Gondo dihantar untuk menguliti kehidupan yang telah lewat. Rasa cemas kehilangan cinta sejati yang amat ia kasihi membuatnya memutar ulang kenangan yang membangun hidupnya. Dan ia temukan suatu perjalanan yang menakjubkan yang tidak disadarinya. Hidupnya selama ini luar biasa. Ternyata ketika seseorang berada di tepian jurang rasa takut kehilangan, segala keindahan yang pernah diberikan orang tercinta muncul bagai gelombang tak terbendung. Kehidupan maha dahsyat dengan kekuatan cinta pun mengalir kembali, seperti sebuah film yang diputar dalam benak. a0741332 a0741333 a0741426 a0741427